000 00349 a2200157 4500
001 57245
020 _a8574091588
040 _cAnchieta - Pituba
100 _aChaves, Flávio
240 1 0 _aTerritório da lembrança
_lpor
245 1 0 _aTerritório da lembrança
300 _a75
362 0 _a1999
650 4 _aLiteratura juvenil
942 _cBK
999 _c57245
_d57245